Logo BPK

Biblioteka

Politechniki Koszalińskiej

Ciepłomierze - podręcznik : (Rekord nr 53447)

Szczegóły MARC
000 -ETYKIETA REKORDU
podpole kontrolne o stałej długości 01159nam a2200277 i 4500
001 - NUMER KONTROLNY REKORDU
pole kontrolne bg
020 ## - MIĘDZYNARODOWY ZNORMALIZOWANY NUMER KSIĄŻKI - ISBN
ISBN 8385749020
040 ## - ŹRÓDŁO KATALOGOWANIA
Instytucja, która utworzyła rekord BPK
041 1# - KOD JĘZYKA
Kod języka tekstu pol
Kod języka streszczenia lub abstraktu ger
080 ## - UNIWERSALNA KLASYFIKACJA DZIESIĘTNA - UKD
UKD 681.12:536.08:697](07)
920 ## - Międzynarodowy znormalizowany numer książki – ISBN
ISBN 83-85749-02-0
008 - POLE O STAŁEJ DŁUGOŚCI - DANE KONTROLNE
podpole kontrolne o stałej długości s pl f |000 0 pol
100 1# - NAZWA OSOBOWA
Nazwa osobowa ECKERT, Hans Dietrich.
245 10 - TYTUŁ/ODPOWIEDZIALNOŚĆ
Tytuł Ciepłomierze - podręcznik :
Ciąg dalszy tytułu przewodnik i poradnik dla praktyków /
Pozostałe elementy strefy tytułu i oznaczenia odpowiedzialności Hans Dietrich Eckert.
246 ## - WARIANT TYTUŁU
Treść wyrażenia wprowadzającego Tyt. oryg.:
Tytuł Wärmezähler - Handbuch. Ein Leitfaden und Ratgeber für Praktiker
260 ## - STREFA ADRESU WYDAWNICZEGO
Miejsce wydania Warszawa ;
-- Frankfurt n. Menem :
Nazwa wydawcy/dystrybutora Przedsiębiorstwo Naukowo-Techniczne CIBET :
-- Verlags- und Wirtschaftsgesellschaft der Elektrizitätswerke - VWEW,
Data publikacji, dystrybucji/powstania dokumentu 1995.
300 ## - STREFA OPISU FIZYCZNEGO
Objętość 327 s. :
Inne cechy fizyczne rys. ;
Rozmiary 22 cm.
490 1# - STREFA SERII I DOKUMENTU WIELOCZĘŚCIOWEGO - FORMA NIE DO WYSZUKIWANIA
Tytuł i oznaczenie odpowiedzialności serii Seria Wydawanictw Specjalistycznych "Cibet"/VWEW
500 ## - UWAGI OGÓLNE
Tekst uwagi Tyt. oryg.: "Wärmezähler - Handbuch. Ein Leitfaden und Ratgeber für Praktiker".
504 ## - UWAGA DOTYCZĄCA BIBLIOGRAFII
Informacje o bibliografii Bibliogr. - Indeks.
650 #9 - HASŁO PRZEDMIOTOWE W FORMIE NAZWY OGÓLNEJ LUB JEDNOSTKOWEJ
Nazwa ogólna lub geograficzna Ciepłomierz
655 ## - TERMIN INDEKSOWY - OKREŚLENIE RODZAJU/FORMY DOKUMENTU
Określenie rodzaju/formy dokumentu Podręczniki
830 ## - HASŁO DODATKOWE SERII LUB DOKUMENTU WIELOCZĘŚCIOWEGO - TYTUŁ UJEDNOLICONY
Tytuł ujednolicony Seria Wydawanictw Specjalistycznych "Cibet"/VWEW
856 ## - LOKALIZACJA I DOSTĘP DO ELEKTRONICZNYCH DOKUMENTÓW ZDALNYCH
Link (URL) http://koha.tu.koszalin.pl/cgi-bin/koha/opac-detail.pl?biblionumber=53447
Tekst linku Katalog online BPK
942 ## - DODATKOWE ELEMENTY (KOHA)
Typ dokumentu Książka
Egzemplarze
Wycofany Status egzemplarza Uszkodzony Dostępność Lokalizacja stała Lokalizacja bieżąca Miejsce przechowywania Sygnatura Kod kreskowy Dział Typ dokumentu
      Tylko na miejscu Biblioteka Politechniki Koszalińskiej Biblioteka Politechniki Koszalińskiej Czytelnia BG 83675 02362533 697 Ogrzewanie, wentylacja i klimatyzacja budynków Książka
© 2023 Biblioteka Politechniki Koszalińskiej :: KOHA